[Event "Online Olym Div2 C 2020"]
[Site "chess.com INT"]
[Date "2020.08.14"]
[Round "3.1"]
[Board "2"]
[White "Shirov, Alexei"]
[Black "Pelletier, Yannick"]
[Result "1-0"]
[WhiteTitle "GM"]
[BlackTitle "GM"]
[WhiteElo "2647"]
[BlackElo "2581"]
[WhiteTeam "Spain"]
[BlackTeam "Switzerland"]
[WhiteFideId "2209390"]
[BlackFideId "1301837"]
[EventDate "2020.08.14"]
[EventType "team"]

1. e4 c6 2. d4 d5 3. e5 Bf5 4. Nf3 e6 5. Be2 c5 6. Be3 Nc6 7. dxc5 Nge7 8. Nc3
Ng6 9. Nd4 Ngxe5 10. Nxf5 exf5 11. Qxd5 Qxd5 12. Nxd5 O-O-O 13. O-O-O h5 14. h3
g6 15. b4 Bg7 16. f4 Nd7 17. b5 Ncb8 18. Rd3 Rhe8 19. Rhd1 Re6 20. Bf3 Rde8 21.
Bf2 Bf8 22. Rc3 Bg7 23. Rc4 Nf6 24. Bd4 Nbd7 25. c6 bxc6 26. bxc6 Nb8 27. Bxa7
Rxc6 28. Nb6+ Kb7 29. Bxb8 Ne4 30. Rxc6 Kxc6 31. Nd7 Kb7 32. Be5 Bh6 33. Kb2 1-0

[Event "Online Olym Div2 C 2020"]
[Site "chess.com INT"]
[Date "2020.08.14"]
[Round "3.1"]
[Board "3"]
[White "Georgescu, Lena"]
[Black "Matnadze, Ana"]
[Result "1/2-1/2"]
[WhiteTitle "WIM"]
[BlackTitle "IM"]
[WhiteElo "2276"]
[BlackElo "2421"]
[WhiteTeam "Switzerland"]
[BlackTeam "Spain"]
[WhiteFideId "1331973"]
[BlackFideId "13601377"]
[EventDate "2020.08.14"]
[EventType "team"]

1. e4 c6 2. d4 d5 3. e5 a6 4. Nf3 Bg4 5. Be2 e6 6. h3 Bxf3 7. Bxf3 Nd7 8. O-O
Ne7 9. b3 Nf5 10. Bb2 b5 11. g3 Qb6 12. Kg2 a5 13. Bg4 g6 14. a4 h5 15. Be2 b4
16. Qd3 Be7 17. Nd2 Rc8 18. Nf3 Kf8 19. c4 bxc3 20. Bxc3 Kg7 21. Qd2 Ra8 22.
Rfb1 c5 23. dxc5 Nxc5 24. Bd4 Qb7 25. Qd1 Ne4 26. Bb5 Rac8 27. Rc1 h4 28. g4
Nxd4 29. Nxd4 Bg5 30. Rc6 Rxc6 31. Nxc6 Qb6 32. Qd4 Qxd4 33. Nxd4 Bf4 34. Nc6
Ra8 35. Kf3 g5 36. Ke2 Nc5 37. Rb1 Ne4 38. Ra1 f6 39. exf6+ Kxf6 40. f3 Nc5 41.
Rb1 e5 42. Rb2 Ke6 43. Rb1 Kd6 44. Rb2 e4 45. fxe4 Nxe4 46. b4 axb4 47. Rxb4 Kc5
48. Rb3 d4 49. Kd3 Nf2+ 50. Ke2 Be3 51. Ne5 Nxh3 52. Nd7+ Kd6 53. Nb6 Nf4+ 54.
Kf3 Rf8 55. Nc4+ Kc5 56. Nxe3 dxe3 57. Kxe3 h3 58. Rb2 Ng2+ 59. Ke4 h2 60. Rc2+
Kb4 61. Rc1 Rf4+ 62. Ke5 Ne3 63. Bc6 Nxg4+ 64. Kd6 Nf2 65. Rb1+ Ka5 66. Rb5+ Ka6
67. Kc7 Rf7+ 68. Kb8 g4 69. Rg5 Rh7 70. Rg6 Ka5 71. Rg5+ Kb4 72. a5 Rh8+ 73. Kb7
Rh7+ 74. Kb8 Rh8+ 75. Kb7 Rh7+ 76. Kb8 1/2-1/2

[Event "Online Olym Div2 C 2020"]
[Site "chess.com INT"]
[Date "2020.08.14"]
[Round "3.1"]
[Board "4"]
[White "Vega Gutierrez, Sabrina"]
[Black "Hakimifard, Ghazal"]
[Result "1/2-1/2"]
[WhiteTitle "IM"]
[BlackTitle "WGM"]
[WhiteElo "2380"]
[BlackElo "2265"]
[WhiteTeam "Spain"]
[BlackTeam "Switzerland"]
[WhiteFideId "2219026"]
[BlackFideId "12506540"]
[EventDate "2020.08.14"]
[EventType "team"]

1. e4 c5 2. Nf3 e6 3. d4 cxd4 4. Nxd4 a6 5. Be2 Nf6 6. Nc3 Qc7 7. O-O Nc6 8. Be3
Bb4 9. Nxc6 bxc6 10. Qd4 c5 11. Qc4 Bb7 12. a3 Bxc3 13. Qxc3 Bxe4 14. f3 Bg6 15.
Qxc5 Qxc5 16. Bxc5 Bxc2 17. Rfc1 Ba4 18. Bd6 Bc6 19. a4 a5 20. b4 axb4 21. Bxb4
Nd5 22. Bd6 f6 23. a5 Kf7 24. a6 e5 25. a7 Ke6 26. Bc5 Nf4 27. Ba6 g5 28. Rd1 d5
29. g3 Nh3+ 30. Kg2 g4 31. Rab1 Ng5 32. Bb7 gxf3+ 33. Kf1 Kd7 34. Rxd5+ Kc7 35.
Bd6+ Kd7 36. Bb8+ Bxd5 37. Bxd5 Rxa7 38. Bxa7 Kd6 39. Bb7 e4 40. Bd4 Ke7 41. Bd5
Rd8 42. Rb7+ Kd6 43. Bxf6 Rc8 44. Bxg5 Kxd5 45. Rxh7 Rc2 46. h4 Ra2 47. Rd7+ Ke6
48. Re7+ Kf5 49. g4+ Kxg4 50. Rxe4+ Kg3 51. h5 Ra1+ 52. Re1 Ra5 53. Be3 Rxh5 54.
Bf2+ Kf4 55. Ra1 Re5 56. Ra4+ Re4 57. Ra5 Rb4 58. Kg1 Rb1+ 59. Kh2 Rb2 60. Ra4+
Kf5 61. Kg3 Rb3 62. Rf4+ Ke5 63. Kg4 Rd3 64. Rf8 Rb3 65. Re8+ Kd5 66. Be3 Ra3
67. Kxf3 Rb3 68. Kf4 Rb4+ 69. Kf5 Rb5 70. Rd8+ Kc4+ 71. Ke4 Rb7 72. Rc8+ Kb5 73.
Rc5+ Kb4 74. Kd3 Rb5 75. Rc7 Rd5+ 76. Bd4 Kb5 77. Rb7+ Kc6 78. Ra7 Kb5 79. Rb7+
Kc6 80. Rb6+ Kc7 81. Kc4 Rxd4+ 82. Kxd4 Kxb6 1/2-1/2

[Event "Online Olym Div2 C 2020"]
[Site "chess.com INT"]
[Date "2020.08.14"]
[Round "3.1"]
[Board "5"]
[White "Baenziger, Fabian"]
[Black "Henderson de La Fuente, Lance"]
[Result "0-1"]
[WhiteTitle "IM"]
[BlackTitle "GM"]
[WhiteElo "2397"]
[BlackElo "2491"]
[WhiteTeam "Switzerland"]
[BlackTeam "Spain"]
[WhiteFideId "1330110"]
[BlackFideId "32096585"]
[EventDate "2020.08.14"]
[EventType "team"]

1. d4 Nf6 2. c4 e6 3. Nf3 b6 4. g3 Bb7 5. Bg2 Be7 6. O-O O-O 7. Re1 d5 8. cxd5
exd5 9. Nc3 Na6 10. Bf4 c5 11. Rc1 Ne4 12. h4 cxd4 13. Nxd4 Bf6 14. e3 Nac5 15.
Ncb5 a6 16. Bc7 Qe7 17. Bxb6 axb5 18. Bxe4 Nxe4 19. Rc7 Qd6 20. Rxb7 Rfc8 21.
Qb3 Nxg3 22. Nxb5 Qc6 23. fxg3 Qxb7 24. Nd6 Qb8 25. Qxd5 Qxb6 26. Nxf7 Kf8 27.
Nd6 Qc7 28. Nxc8 Rxc8 29. Kg2 Qc2+ 30. Kf3 Qxb2 31. Qd6+ Be7 32. Qd7 Qf6+ 33.
Kg2 Rd8 34. Qg4 Qb2+ 35. Kh3 Qxa2 36. Rf1+ Bf6 37. e4 Qb2 38. Qf5 Kg8 39. e5
Qxe5 40. Qxe5 Bxe5 41. Rf3 Bf6 42. g4 h6 43. Kg3 Be5+ 44. Kh3 Rd2 45. g5 h5 46.
Rf2 Rxf2 0-1

[Event "Online Olym Div2 C 2020"]
[Site "chess.com INT"]
[Date "2020.08.14"]
[Round "3.1"]
[Board "6"]
[White "Garcia Martin, Marta"]
[Black "Zhuang, Yongzhe"]
[Result "1-0"]
[WhiteTitle "IM"]
[WhiteElo "2328"]
[BlackElo "1645"]
[WhiteTeam "Spain"]
[BlackTeam "Switzerland"]
[WhiteFideId "32084030"]
[BlackFideId "1339893"]
[EventDate "2020.08.14"]
[EventType "team"]

1. d4 d5 2. c4 e6 3. Nc3 c5 4. e3 Nf6 5. Nf3 Nc6 6. a3 Be7 7. Bd3 O-O 8. O-O b6
9. b3 Bb7 10. Bb2 Re8 11. Rc1 Qd7 12. Ne5 Qc7 13. Nb5 Qd8 14. cxd5 exd5 15. dxc5
bxc5 16. Nxc6 Bxc6 17. Be5 Rf8 18. Bxf6 Bxf6 19. Rxc5 Qb6 20. Qc2 Rac8 21. Nd6
Rc7 22. Rc1 Be7 23. Rxc6 Rxc6 24. Qxc6 Bxd6 25. Qxb6 axb6 26. a4 h6 27. Bb5 Bc5
28. Rd1 Rd8 29. Kf1 d4 30. Ke2 Kf8 31. e4 Ke7 32. f4 Kf6 33. e5+ Kf5 34. Kf3 Ke6
35. Bc4+ Ke7 36. Ke4 Rg8 37. f5 Rd8 38. Rd3 Rg8 39. b4 Bxb4 40. Rxd4 Bc5 41. Rd5
Ra8 42. Bb5 Ra7 43. g4 Bg1 44. Rd6 Bc5 45. Rd2 Bb4 46. Rd3 Bc5 47. h4 Bf2 48.
Rd6 Bc5 49. Rc6 Rb7 50. g5 Bf2 51. f6+ gxf6 52. exf6+ Kf8 53. Rc8# 1-0

[Event "Online Olym Div2 C 2020"]
[Site "chess.com INT"]
[Date "2020.08.14"]
[Round "3.2"]
[Board "1"]
[White "Ashiku, Franc"]
[Black "Sousa, Andre Ventura"]
[Result "0-1"]
[WhiteTitle "IM"]
[BlackTitle "IM"]
[WhiteElo "2419"]
[BlackElo "2394"]
[WhiteTeam "Albania"]
[BlackTeam "Portugal"]
[WhiteFideId "4700066"]
[BlackFideId "1917617"]
[EventDate "2020.08.14"]
[EventType "team"]

1. d4 Nf6 2. c4 g6 3. Nc3 d5 4. cxd5 Nxd5 5. e4 Nxc3 6. bxc3 Bg7 7. Nf3 c5 8.
Rb1 O-O 9. Be2 Nd7 10. O-O Nf6 11. Qd3 b6 12. d5 Nxe4 13. Qxe4 Bf5 14. Qh4 Bxb1
15. Bh6 Bxa2 16. Ng5 Bf6 17. Bxf8 Bxg5 18. Qxg5 Kxf8 19. Ra1 Bb3 20. c4 a5 21.
f4 Qd6 22. Kf2 Kg8 23. Qe5 Rd8 24. Ra3 a4 25. g3 e6 26. dxe6 fxe6 27. Qxd6 Rxd6
28. Ke3 Rd4 29. Ra1 Kf7 30. g4 Bxc4 31. Rxa4 Bxe2 32. Ra7+ Kf6 33. g5+ Kf5 34.
h3 Re4+ 0-1

[Event "Online Olym Div2 C 2020"]
[Site "chess.com INT"]
[Date "2020.08.14"]
[Round "3.2"]
[Board "2"]
[White "Martins, David Pires Tavares"]
[Black "Pasko, Llambi"]
[Result "0-1"]
[WhiteTitle "IM"]
[BlackTitle "IM"]
[WhiteElo "2398"]
[BlackElo "2410"]
[WhiteTeam "Portugal"]
[BlackTeam "Albania"]
[WhiteFideId "1909991"]
[BlackFideId "4701178"]
[EventDate "2020.08.14"]
[EventType "team"]

1. d4 d5 2. c4 c6 3. cxd5 cxd5 4. Nc3 Nf6 5. Bf4 Nc6 6. e3 Bf5 7. Nf3 e6 8. Bd3
Bxd3 9. Qxd3 a6 10. Rc1 Bd6 11. Bg3 O-O 12. O-O Bxg3 13. hxg3 Rc8 14. Na4 Ne4
15. Nc5 Nxc5 16. Rxc5 Nb4 17. Qb3 Rxc5 18. dxc5 a5 19. a3 Na6 20. Rc1 Qc7 21.
Qb5 Rc8 22. Nd4 Nb8 23. Qd3 Nd7 24. Nb5 Nxc5 25. Qe2 Qb8 26. Qc2 a4 27. Nd4 g6
28. b4 axb3 29. Nxb3 b6 30. a4 Rc7 31. a5 Na6 32. Qd3 Rxc1+ 33. Nxc1 Qa7 34.
axb6 Qxb6 35. Ne2 Nc5 36. Qc2 Ne4 37. Nd4 Qa5 38. Nf3 Qa1+ 39. Kh2 Qf6 40. Kg1
g5 41. g4 h6 42. Qa4 Qb2 43. Qe8+ Kg7 44. Kh2 Qxf2 45. Qb8 Qxe3 46. Qb2+ Qc3 47.
Qb8 Qf6 48. Kg1 Qf4 49. Qb2+ Kh7 50. Qb7 h5 51. gxh5 g4 52. Ne5 Qf2+ 53. Kh1
Qe1+ 54. Kh2 Qh4+ 55. Kg1 Qf2+ 56. Kh2 g3+ 57. Kh3 Qf5+ 58. Kh4 Qg5+ 59. Kh3
Qxh5# 0-1

[Event "Online Olym Div2 C 2020"]
[Site "chess.com INT"]
[Date "2020.08.14"]
[Round "3.2"]
[Board "3"]
[White "Shabanaj, Eglantina"]
[Black "Jorge, Rita Maria Osorio"]
[Result "1-0"]
[WhiteTitle "WCM"]
[BlackTitle "WFM"]
[WhiteElo "1996"]
[BlackElo "1983"]
[WhiteTeam "Albania"]
[BlackTeam "Portugal"]
[WhiteFideId "4700562"]
[BlackFideId "1923161"]
[EventDate "2020.08.14"]
[EventType "team"]

1. Nf3 Nf6 2. e3 g6 3. d3 Bg7 4. Be2 O-O 5. O-O d5 6. Nbd2 c5 7. c3 Nc6 8. Qc2
Bf5 9. e4 dxe4 10. dxe4 Bd7 11. a4 Qc7 12. Nc4 Na5 13. Bg5 Nxc4 14. Bxc4 Bc6 15.
Rfe1 Ng4 16. h3 Ne5 17. Nxe5 Qxe5 18. f4 Qc7 19. Qf2 b6 20. f5 Qb7 21. e5 Bd5
22. Bd3 Rad8 23. Rad1 Bb3 24. Rd2 Bxa4 25. Qh4 c4 26. Qxc4 Bc6 27. Qb4 Rfe8 28.
Qg4 Rd5 29. fxg6 hxg6 30. Bc4 Rxe5 31. Rxe5 Bxe5 32. Be3 Bf6 33. Qxg6+ Kh8 34.
Bxf7 Be4 35. Qh5+ Kg7 36. Bxe8 e5 37. Rd7+ Qxd7 38. Bxd7 Bg6 39. Qh6+ Kf7 40.
Be8+ Kxe8 41. Qxg6+ 1-0

[Event "Online Olym Div2 C 2020"]
[Site "chess.com INT"]
[Date "2020.08.14"]
[Round "3.2"]
[Board "4"]
[White "Ferreira, Ana Margarida"]
[Black "Gjergji, Rozana"]
[Result "0-1"]
[BlackTitle "WCM"]
[WhiteElo "1783"]
[BlackElo "1942"]
[WhiteTeam "Portugal"]
[BlackTeam "Albania"]
[WhiteFideId "1907000"]
[BlackFideId "4700147"]
[EventDate "2020.08.14"]
[EventType "team"]

1. e4 e5 2. Nf3 Nc6 3. Bb5 d6 4. O-O Nf6 5. Re1 Be7 6. c3 Bg4 7. d4 O-O 8. d5
Nb8 9. h3 Bh5 10. c4 Nbd7 11. Nc3 Nc5 12. b4 Ncd7 13. Bxd7 Nxd7 14. Bb2 Nb6 15.
Qd3 Bxf3 16. gxf3 Qd7 17. Kh2 f5 18. Rg1 fxe4 19. Nxe4 Rf4 20. Bc1 Rh4 21. f4
Nxc4 22. Qg3 g6 23. fxe5 Nxe5 24. Ng5 Rf8 25. f4 Bxg5 26. fxg5 Nf3+ 27. Kg2 Rxb4
28. Ba3 Ra4 29. Bb2 Nh4+ 30. Kh1 Rf3 31. Qxf3 Nxf3 32. Rg3 Ne5 33. Rf1 Qb5 34.
Kg2 Qxb2+ 0-1

[Event "Online Olym Div2 C 2020"]
[Site "chess.com INT"]
[Date "2020.08.14"]
[Round "3.2"]
[Board "5"]
[White "Veleshnja, Zino"]
[Black "Martins, Bruno Andre Leite"]
[Result "1-0"]
[WhiteElo "2287"]
[BlackElo "2204"]
[WhiteTeam "Albania"]
[BlackTeam "Portugal"]
[WhiteFideId "4701313"]
[BlackFideId "1942255"]
[EventDate "2020.08.14"]
[EventType "team"]

1. d4 Nf6 2. Bf4 d5 3. e3 e6 4. c3 c5 5. Nd2 Nc6 6. Ngf3 cxd4 7. exd4 Nh5 8. Be3
Bd6 9. Bd3 Nf4 10. Bxf4 Bxf4 11. O-O O-O 12. Re1 f6 13. Qc2 f5 14. Ne5 Rf6 15.
Ndf3 Rh6 16. g3 Bxe5 17. Nxe5 Bd7 18. f4 Rc8 19. Qd2 Nxe5 20. Rxe5 Kh8 21. Rae1
Qf6 22. Qe2 g5 23. Bb5 Bxb5 24. Qxb5 gxf4 25. Qd7 Rd8 26. Qxe6 fxg3 27. Qxf6+
Rxf6 28. hxg3 Kg7 29. Re7+ Rf7 30. R1e5 Kf6 31. Rxf7+ Kxf7 32. Rxf5+ Ke6 33.
Re5+ Kd6 34. Kg2 Rf8 35. Rh5 Rf7 36. Rh6+ Kd7 37. g4 Re7 38. Kf3 Rf7+ 39. Ke3
Re7+ 40. Kf4 Re2 41. Rxh7+ Kc6 42. Rh6+ Kb5 43. b3 Rxa2 44. Rd6 Rf2+ 45. Ke3 Rg2
46. Rxd5+ Kc6 47. Rc5+ Kd6 48. Kf4 b6 49. Rh5 Rf2+ 50. Ke3 Rc2 51. Rh6+ Kc7 52.
Kd3 Rg2 53. Rh7+ Kc6 54. Rg7 Rg3+ 55. Kd2 Rg2+ 56. Kc1 Rg1+ 57. Kb2 Rg2+ 58. Ka3
Rg3 59. c4 a5 60. d5+ Kd6 61. Rg6+ Kc7 62. g5 Rg1 63. Rc6+ Kb7 64. g6 Rg4 65.
Rf6 Rg1 66. Rf7+ Ka6 67. g7 a4 68. bxa4 Rg3+ 69. Kb4 Rg1 70. d6 1-0

[Event "Online Olym Div2 C 2020"]
[Site "chess.com INT"]
[Date "2020.08.14"]
[Round "3.2"]
[Board "6"]
[White "Avelino, Camila Biscaya"]
[Black "Shuqja, Klean"]
[Result "0-1"]
[BlackTitle "WCM"]
[WhiteElo "1732"]
[BlackElo "1838"]
[WhiteTeam "Portugal"]
[BlackTeam "Albania"]
[WhiteFideId "1938975"]
[BlackFideId "4701585"]
[EventDate "2020.08.14"]
[EventType "team"]

1. e4 e6 2. d4 d5 3. Nd2 dxe4 4. Nxe4 Nd7 5. Nf3 Ngf6 6. Bd3 Nxe4 7. Bxe4 Nf6 8.
Bg5 Be7 9. Bxf6 Bxf6 10. Qd3 g6 11. O-O-O O-O 12. h4 Bg7 13. Qe3 h5 14. g4 hxg4
15. Ne5 f5 16. Bg2 Kh7 17. h5 g5 18. Ng6 Re8 19. Kb1 Qf6 0-1

[Event "Online Olym Div2 C 2020"]
[Site "chess.com INT"]
[Date "2020.08.14"]
[Round "3.3"]
[Board "1"]
[White "Georgiev, Kiril"]
[Black "Issa, Rafat"]
[Result "1-0"]
[WhiteTitle "GM"]
[BlackTitle "IM"]
[WhiteElo "2592"]
[BlackElo "2363"]
[WhiteTeam "North Macedonia"]
[BlackTeam "Jordan"]
[WhiteFideId "2900017"]
[BlackFideId "7600437"]
[EventDate "2020.08.14"]
[EventType "team"]

1. c4 e5 2. Nc3 Nc6 3. g3 Nf6 4. Bg2 Bb4 5. Nd5 O-O 6. a3 Bd6 7. e3 Nxd5 8. cxd5
Ne7 9. Ne2 c6 10. Nc3 f5 11. O-O e4 12. d3 exd3 13. Qxd3 Be5 14. d6 Ng6 15. f4
Bf6 16. e4 Bxc3 17. bxc3 fxe4 18. Bxe4 Rf6 19. c4 Nf8 20. Be3 b6 21. f5 Rf7 22.
Bd4 Ba6 23. a4 Rb8 24. Rf4 c5 25. Bc3 Bb7 26. Bxb7 Rxb7 27. Qd5 Qa8 28. Rg4 g6
29. Qe5 1-0

[Event "Online Olym Div2 C 2020"]
[Site "chess.com INT"]
[Date "2020.08.14"]
[Round "3.3"]
[Board "2"]
[White "Mansour, Sameer"]
[Black "Stojanovski, Dejan"]
[Result "0-1"]
[WhiteTitle "IM"]
[BlackTitle "IM"]
[WhiteElo "2308"]
[BlackElo "2421"]
[WhiteTeam "Jordan"]
[BlackTeam "North Macedonia"]
[WhiteFideId "8100144"]
[BlackFideId "15000796"]
[EventDate "2020.08.14"]
[EventType "team"]

1. Nf3 Nf6 2. g3 c5 3. Bg2 g6 4. O-O Bg7 5. c4 O-O 6. Nc3 Nc6 7. d4 cxd4 8. Nxd4
Nxd4 9. Qxd4 d6 10. Qh4 Rb8 11. Bg5 Be6 12. Rac1 Qa5 13. Rfd1 Rfc8 14. b3 a6 15.
Bd2 Qa3 16. Bh6 b5 17. Bxg7 Kxg7 18. cxb5 axb5 19. Qf4 b4 20. Na4 Rxc1 21. Qxc1
Qxa2 22. Qc7 Qxb3 23. Ra1 Re8 24. h3 Bd5 25. Bxd5 Qxd5 26. Qb6 Qc4 27. Nb2 Qc3
28. Ra2 b3 0-1

[Event "Online Olym Div2 C 2020"]
[Site "chess.com INT"]
[Date "2020.08.14"]
[Round "3.3"]
[Board "3"]
[White "Stojkovska, Monika"]
[Black "Boshra, Alshaeby"]
[Result "0-1"]
[WhiteTitle "WFM"]
[BlackTitle "WFM"]
[WhiteElo "2106"]
[BlackElo "2033"]
[WhiteTeam "North Macedonia"]
[BlackTeam "Jordan"]
[WhiteFideId "15002594"]
[BlackFideId "8102937"]
[EventDate "2020.08.14"]
[EventType "team"]

1. d4 Nf6 2. c4 g6 3. Nc3 Bg7 4. e4 d6 5. Nf3 O-O 6. Be2 Na6 7. Nd2 e5 8. d5 Ne8
9. a3 f5 10. exf5 gxf5 11. O-O Nf6 12. Nb3 Kh8 13. f4 e4 14. Be3 Rg8 15. Qe1 Qe8
16. Rd1 Qg6 17. Qf2 Bd7 18. c5 Ng4 19. Bxg4 Qxg4 20. cxd6 cxd6 21. Rc1 b6 22.
Rc2 Nc5 23. Nxc5 bxc5 24. b4 cxb4 25. axb4 Rac8 26. Bd4 Rc4 27. Bxg7+ Qxg7 28.
Rfc1 Rgc8 29. Qxa7 h6 30. Qa3 Qd4+ 31. Kh1 e3 32. g3 Kh7 33. Qb2 Kg6 34. h3 Rxb4
35. Qa2 Rbc4 0-1

[Event "Online Olym Div2 C 2020"]
[Site "chess.com INT"]
[Date "2020.08.14"]
[Round "3.3"]
[Board "4"]
[White "Alattar, Ghayda M."]
[Black "Bejatovic, Bojana"]
[Result "1/2-1/2"]
[WhiteTitle "WFM"]
[WhiteElo "1868"]
[BlackElo "2031"]
[WhiteTeam "Jordan"]
[BlackTeam "North Macedonia"]
[WhiteFideId "8101531"]
[BlackFideId "15000141"]
[EventDate "2020.08.14"]
[EventType "team"]

1. d4 Nf6 2. Nc3 d5 3. Bg5 Bf5 4. Bxf6 exf6 5. e4 dxe4 6. Qe2 c6 7. O-O-O Bb4 8.
Nxe4 O-O 9. Qf3 Qd5 10. Nc3 Bxc3 11. Qxd5 Bxb2+ 12. Kxb2 cxd5 13. Ne2 Rc8 14. c3
Nd7 15. Nf4 Nb6 16. h3 Na4+ 17. Kb3 Nxc3 18. Rc1 Ne4 19. Bd3 Nd2+ 20. Kb2 Bxd3
21. Nxd3 Nc4+ 22. Kb3 a5 23. a4 b5 24. axb5 a4+ 25. Ka2 Rcb8 26. Rb1 Ra5 27. Nc5
a3 28. Rhe1 h5 29. Re2 Raxb5 30. Rxb5 Rxb5 31. f3 Kh7 32. g4 hxg4 33. hxg4 Kg6
34. f4 Rb2+ 35. Rxb2 axb2 36. Nd3 f5 37. g5 f6 38. gxf6 Kxf6 39. Nb4 Ke6 40. Kb1
Kd6 41. Ka2 Ne3 42. Kxb2 Ng2 43. Nd3 Ke6 44. Kc3 Kf6 45. Kd2 g5 46. fxg5+ Kxg5
47. Nb4 Nf4 48. Ke3 Kg4 49. Nc6 Ng2+ 50. Kf2 Nh4 51. Ne7 Nf3 52. Nxd5 Nxd4 53.
Ne3+ Kf4 54. Nxf5 1/2-1/2

[Event "Online Olym Div2 C 2020"]
[Site "chess.com INT"]
[Date "2020.08.14"]
[Round "3.3"]
[Board "5"]
[White "Lazov, Toni"]
[Black "Loay, Sameer"]
[Result "1-0"]
[WhiteTitle "IM"]
[BlackTitle "IM"]
[WhiteElo "2405"]
[BlackElo "2197"]
[WhiteTeam "North Macedonia"]
[BlackTeam "Jordan"]
[WhiteFideId "15000770"]
[BlackFideId "8104239"]
[EventDate "2020.08.14"]
[EventType "team"]

1. e4 d6 2. Nc3 Nf6 3. f4 e5 4. Nf3 d5 5. exd5 e4 6. Ng5 Bf5 7. d3 Bb4 8. dxe4
Bxc3+ 9. bxc3 Nxe4 10. Nxe4 Bxe4 11. Bc4 Qh4+ 12. g3 Qf6 13. O-O O-O 14. Qd4
Qxd4+ 15. cxd4 Bxc2 16. Ba3 Rd8 17. Rac1 Bf5 18. Rfe1 Nd7 19. Bb3 Rac8 20. Re7
Bh3 21. Kf2 h5 22. d6 cxd6 23. Rxc8 Rxc8 24. Bxf7+ Kh7 25. Bxd6 Rc2+ 26. Re2 Rc6
27. Be5 Bg4 28. Rd2 Rc3 29. Bd5 Nb6 30. Bxb7 Nc4 31. Be4+ Kg8 32. Rc2 Rxc2+ 33.
Bxc2 Kf7 34. Bb3 Be6 35. f5 Bd5 36. Ke2 g6 37. fxg6+ Kxg6 38. Kd3 Nb2+ 39. Kc3
Bxb3 40. axb3 Nd1+ 41. Kb4 Kf5 42. Bb8 a6 43. Kc5 Nf2 44. d5 Ng4 45. h3 Ne5 46.
Bxe5 Kxe5 47. d6 1-0

[Event "Online Olym Div2 C 2020"]
[Site "chess.com INT"]
[Date "2020.08.14"]
[Round "3.3"]
[Board "6"]
[White "Tala, Alnasser"]
[Black "Manova, Ivana"]
[Result "0-1"]
[WhiteElo "1431"]
[BlackElo "1742"]
[WhiteTeam "Jordan"]
[BlackTeam "North Macedonia"]
[WhiteFideId "8110328"]
[BlackFideId "15003590"]
[EventDate "2020.08.14"]
[EventType "team"]

1. d4 d5 2. Nf3 Nf6 3. Bg5 e6 4. e3 c5 5. c3 Nc6 6. Bd3 b6 7. Nbd2 Be7 8. Rc1
Bb7 9. Bb1 Nd7 10. Bxe7 Qxe7 11. Qc2 f5 12. O-O g5 13. Qa4 O-O 14. Bd3 a6 15.
Ne1 e5 16. f4 exf4 17. exf4 Qe3+ 18. Rf2 cxd4 19. cxd4 b5 20. Qd1 Nxd4 21. fxg5
Ne5 22. Rc7 Ng4 23. Rxb7 Qxf2+ 24. Kh1 Rae8 25. Nef3 Nxf3 26. Nxf3 Ne3 27. Qg1
Ng4 28. Qxf2 Nxf2+ 29. Kg1 Nxd3 30. g6 hxg6 31. h3 Rf7 32. Rb6 Nc5 33. Rxg6+ Rg7
34. Rc6 Nd3 35. Rxa6 Re2 36. Nh4 Rxb2 37. Rd6 Nf4 38. Rf6 Nxg2 39. Rxf5 Nxh4+ 0-1

[Event "Online Olym Div2 C 2020"]
[Site "chess.com INT"]
[Date "2020.08.14"]
[Round "3.4"]
[Board "1"]
[White "Giri, Anish"]
[Black "Sirosh, Ilja"]
[Result "0-1"]
[WhiteTitle "GM"]
[BlackTitle "IM"]
[WhiteElo "2764"]
[BlackElo "2405"]
[WhiteTeam "Netherlands"]
[BlackTeam "Estonia"]
[WhiteFideId "24116068"]
[BlackFideId "4500458"]
[EventDate "2020.08.14"]
[EventType "team"]

1. d4 d5 2. c4 e6 3. Nc3 c5 4. cxd5 exd5 5. Nf3 Nc6 6. g3 Nf6 7. Bg2 cxd4 8.
Nxd4 Bc5 9. Nb3 Bb6 10. O-O d4 11. Na4 O-O 12. Bg5 Re8 13. Re1 h6 14. Bxc6 bxc6
15. Bxf6 Qxf6 16. Nxb6 axb6 17. Qxd4 Qd8 18. Qc3 c5 19. Rad1 Qc7 20. Nc1 Ba6 21.
Rd2 Re7 22. b4 c4 23. e4 Rae8 24. Rde2 Bb7 25. f3 b5 26. Kg2 g5 27. Re3 g4 28.
fxg4 Bxe4+ 29. Kh3 Re5 30. Qd4 Qe7 31. R3e2 Qe6 32. Rxe4 Rxe4 33. Rxe4 Qxe4 34.
Qf6 Re6 35. Qd8+ Kg7 36. Qd2 Qe3 37. Qc2 Rd6 0-1

[Event "Online Olym Div2 C 2020"]
[Site "chess.com INT"]
[Date "2020.08.14"]
[Round "3.4"]
[Board "2"]
[White "Andrijashkin, Deniss"]
[Black "Van Foreest, Jorden"]
[Result "0-1"]
[BlackTitle "GM"]
[WhiteElo "1915"]
[BlackElo "2682"]
[WhiteTeam "Estonia"]
[BlackTeam "Netherlands"]
[WhiteFideId "4504631"]
[BlackFideId "1039784"]
[EventDate "2020.08.14"]
[EventType "team"]

1. e4 c5 2. Nf3 e6 3. g3 Nc6 4. Bg2 Nf6 5. Qe2 e5 6. O-O Be7 7. c3 O-O 8. Rd1
Re8 9. d4 exd4 10. cxd4 d5 11. e5 Bf8 12. dxc5 Bg4 13. h3 Rxe5 14. Be3 Bxf3 15.
Qxf3 d4 16. Bf4 Rxc5 17. Nd2 g5 18. Nb3 Rd5 19. Be3 dxe3 20. Rxd5 exf2+ 21. Kxf2
Nxd5 22. Qxd5 Qf6+ 23. Kg1 Rd8 24. Qb5 Bd6 25. Rf1 Qe7 26. Kh2 g4 27. Qf5 Ne5
28. Be4 Ng6 29. Qxg4 h5 30. Qf3 h4 31. Bxb7 hxg3+ 32. Kh1 Qd7 33. Qg2 Nh4 34.
Bc6 Qc7 35. Qd5 g2+ 0-1

[Event "Online Olym Div2 C 2020"]
[Site "chess.com INT"]
[Date "2020.08.14"]
[Round "3.4"]
[Board "3"]
[White "Haast, Anne"]
[Black "Viikmaa, Karmen"]
[Result "1-0"]
[WhiteTitle "WGM"]
[WhiteElo "2318"]
[BlackElo "1720"]
[WhiteTeam "Netherlands"]
[BlackTeam "Estonia"]
[WhiteFideId "1017292"]
[BlackFideId "4502620"]
[EventDate "2020.08.14"]
[EventType "team"]

1. e4 c5 2. Nf3 Nc6 3. d4 cxd4 4. Nxd4 Qb6 5. Nb3 Nf6 6. Nc3 e6 7. a3 a6 8. Be2
Be7 9. O-O O-O 10. Be3 Qc7 11. Qe1 b5 12. Rd1 d6 13. f3 Ne5 14. Qf2 Bb7 15. Bb6
Qb8 16. Na5 Nfd7 17. Bd4 Rc8 18. Qg3 Bf8 19. Nxb7 Qxb7 20. f4 Nc6 21. Be3 Na5
22. Kh1 Nc4 23. Bc1 Nc5 24. Bf3 Rab8 25. b3 Nb6 26. Bb2 Qc7 27. Rd2 Ncd7 28.
Rfd1 Na8 29. Rxd6 Ndb6 30. R6d2 f6 31. Ne2 Qf7 32. Nd4 Rc7 33. Bg4 Re8 34. Qh3
Rce7 35. Qe3 f5 36. Bf3 fxe4 37. Bxe4 Nd5 38. Qh3 g6 39. Ne2 Nxf4 40. Nxf4 Qxf4
41. Qd3 Bg7 42. Bxg7 Rxg7 43. Rf1 Qb8 44. c4 bxc4 45. bxc4 Nb6 46. c5 Rd7 47.
Qc2 Rxd2 48. Qxd2 Nc8 49. Qd7 Qb5 50. Qf7+ Kh8 51. c6 Nd6 52. Qf6+ Kg8 53. Bxg6
Qxc6 54. Bxe8 Qxe8 55. Re1 Qf7 56. Qxe6 Qxe6 57. Rxe6 1-0